Equipos y herramientas neumáticas
Bewaard in:
| Hoofdauteur: | |
|---|---|
| Formaat: | Boek |
| Taal: | Spaans |
| Gepubliceerd in: |
Barcelona
Gustavo Gili
1981
|
| Onderwerpen: | |
| Tags: |
Voeg label toe
Geen labels, Wees de eerste die dit record labelt!
|
MARC
| LEADER | 00000nam a2200000 a 4500 | ||
|---|---|---|---|
| 001 | UCY5478 | ||
| 003 | CL-VaPUC | ||
| 008 | 950508e19810000SP |||||||||||||||||spa|d | ||
| 082 | 0 | 4 | |a 621.5 |b CAR |2 21 |
| 100 | |a Carnicer Royo, Enrique |e author |9 334291 | ||
| 245 | 1 | 0 | |a Equipos y herramientas neumáticas |
| 246 | 1 | 0 | |a Aire comprimido |
| 300 | |a 299 p | ||
| 942 | |c BK | ||
| 945 | |d 19950508 00:00:00 |a awong | ||
| 260 | |a Barcelona |b Gustavo Gili |c 1981 | ||
| 650 | 0 | |a Equipo neumático |9 334292 | |
| 650 | 7 | |a HERRAMIENTAS |2 CL-VaPUC |9 263987 | |
| 650 | 0 | |a Motores |9 334293 | |
| 650 | 7 | |a DISPOSITIVOS NEUMATICOS |2 CL-VaPUC |9 334294 | |
| 583 | |a last modification |c 19950508 00:00:00 |k Rodrigo Vera | ||
| 999 | |c 233136 |d 233134 | ||
| 952 | |0 0 |1 0 |4 0 |6 621_500000000000000_CAR_1981 |7 0 |8 P |9 238392 |a BIBARQ |b BIBARQ |d 2019-11-18 |i 3082334 |o 621.5 CAR 1981 |p 3082334 |r 2025-01-20 |w 2019-11-18 |y BK |k ARQ | ||